| 000 | 00356nam a2200133Ia 4500 | ||
|---|---|---|---|
| 008 | 210430s9999 xx 000 0 und d | ||
| 020 | _a9780486491738 | ||
| 082 | _a660.2 K511S | ||
| 100 |
_aKing Judson C. _954857 |
||
| 245 |
_aSeparation Processes 2nd _cKing Judson C. |
||
| 260 |
_aNew York. _bJudson King. _c2013 |
||
| 300 | _a850p. | ||
| 942 |
_cREF _2ddc |
||
| 999 |
_c565745 _d565745 |
||